| Tag |
First Indicator |
Second Indicator |
Subfields |
| LEADER |
00000cam a2200000 4500 |
| 001 |
in00000064188 |
| 005 |
20151008051746.0 |
| 008 |
700821r19591935nju b 00100deng |
| 010 |
|
|
|a 59013521
|
| 035 |
|
|
|a (OCoLC)00682710
|
| 035 |
|
|
|9 AAG9816AM
|
| 040 |
|
|
|a DLC
|c DLC
|d TXA
|d UtOrBLW
|
| 049 |
|
|
|a TXAM
|c [318543]
|
| 050 |
|
0 |
|a LA2311
|b .C8 1959
|
| 082 |
0 |
|
|a 370.973
|
| 092 |
|
|
|a 370
|b C978s, 1959
|
| 100 |
1 |
|
|a Curti, Merle
|q (Merle Eugene),
|d 1897-1996.
|
| 245 |
1 |
4 |
|a The social ideas of American educators /
|c with new chapter on the last twenty-five years.
|
| 264 |
|
1 |
|a Paterson, N.J. :
|b Pageant Books,
|c 1959.
|
| 300 |
|
|
|a xliv, 613 pages ;
|c 21 cm.
|
| 336 |
|
|
|a text
|b txt
|2 rdacontent
|
| 337 |
|
|
|a unmediated
|b n
|2 rdamedia
|
| 338 |
|
|
|a volume
|b nc
|2 rdacarrier
|
| 500 |
|
|
|a A reprint of the 10th volume of the Report of the American Historical Association Commission on the Social Studies in the Schools first published in 1935, with a special chapter on The last twenty-five years.
|
| 504 |
|
|
|a Bibliographical references included in "Bibliographical notes" (pages 593-600) Bibliographical footnotes.
|
| 650 |
|
0 |
|a Educators
|z United States.
|
| 650 |
|
0 |
|a Education
|x Philosophy.
|
| 999 |
|
|
|a MARS
|
| 999 |
f |
f |
|s 0413afa7-5656-3617-8572-b06a63d3db60
|i f1b351d6-3f27-391e-9dd6-ba137e0b8319
|t 0
|
| 952 |
f |
f |
|p normal
|a Texas A&M University
|b College Station
|c Sterling C. Evans Library
|d Evans: Library Stacks
|t 0
|e LA2311 .C8 1959
|h Library of Congress classification
|i unmediated -- volume
|m A14800817195
|
| 998 |
f |
f |
|a LA2311 .C8 1959
|t 0
|l Evans: Library Stacks
|